| 000 | 00666nam a22002057a 4500 | ||
|---|---|---|---|
| 999 |
_c12247 _d12247 |
||
| 003 | AR-CdUCM | ||
| 008 | 190408b ||||| |||| 00| 0 spa d | ||
| 040 |
_aMUNICIPALIDAD PROVINCIAL DEL CUSCO _cBIBLIOTECA MUNICIPAL DEL CUSCO |
||
| 082 |
_a869.56 / _bJ64E / 1960 |
||
| 100 |
_aJodorowsky, Raquel _917309 |
||
| 245 | _aEn sentido inverso / | ||
| 260 |
_aLima : _bEdiciones el oso y la pajarita, _c1960. |
||
| 300 |
_a38 páginas ; _bFotografías, ilustraciones, _c25 cm. |
||
| 505 | _aContenido: Poemas peruanos. | ||
| 650 |
_aPoemas peruanos _91040 |
||
| 650 |
_aPoesía _9139 |
||
| 650 |
_aLima Perú _923155 |
||
| 942 |
_2ddc _cLIBROS |
||
| 945 |
_adavv _d08/04/2019 |
||